| 000 | 01102nam a2200253Ia 4500 | ||
|---|---|---|---|
| 008 | 191130s2006##################000#0#eng## | ||
| 020 | _a9780300121384 | ||
| 022 | _a2006044388 | ||
| 040 |
_aACL _cACL |
||
| 082 | _a759.9494 AND | ||
| 100 | _aAndrés, Alberto de | ||
| 245 |
_aAlpine views : Alexandre Calame and the Swiss landscape _cAlberto de Andrés |
||
| 260 |
_aWilliamstown, Mass. ; New Haven _bDistributed by Yale University Press, Sterling and Francine Clark Art Institute _cc2006 |
||
| 300 | _a88 p. : col. ill. ; 26 cm | ||
| 500 | _aPublished on the occasion of an exhibition held at the Sterling and Francine Clark Art Institute, Williamstown, Mass., Oct. 8-Dec. 31, 2006. Includes bibliographical references | ||
| 650 | _aAlps, Swiss (Switzerland) - In art - Exhibitions | ||
| 650 | _aCalame, Alexandre, 1810-1864 - Exhibitions | ||
| 650 | _aLandscape painting, Swiss - 19th century - Exhibitions | ||
| 700 | _aCalame, Alexandre | ||
| 710 | _aSterling and Francine Clark Art Institute | ||
| 990 | _a14574010ac10000c799ee170eed5d325 | ||
| 991 | _a427164 | ||
| 999 |
_c366509 _d366509 |
||